[Event "Las Palmas Insular-chT Pref 1314"]
[Site "Agaete"]
[Date "2013.12.14"]
[Round "4.4"]
[White "Saad Addin Quintana, Samir N"]
[Black "Ramirez Maillo, Juan Adonay"]
[Result "0-1"]
[WhiteElo "1853"]
[BlackElo "1663"]
[PlyCount "70"]
[EventDate "2013.11.09"]
[EventType "team-tourn"]
[EventRounds "14"]
[EventCountry "ESP"]
[SourceTitle "EXT 2015"]
[Source "ChessBase"]
[SourceDate "2014.11.20"]
[SourceVersion "1"]
[SourceVersionDate "2014.11.20"]
[SourceQuality "1"]
[WhiteTeam "Tres W"]
[BlackTeam "Panaderia Pulido San Mateo"]
[WhiteTeamCountry "ESP"]
[BlackTeamCountry "ESP"]

1. d4 Nf6 2. Bg5 c5 3. d5 Qb6 4. Bxf6 gxf6 5. Qc1 f5 6. c4 Bg7 7. Nc3 d6 8. e3 Nd7 9. Qc2 Ne5 10. Be2 Bd7 11. Nf3 Nxf3+ 12. Bxf3 0-0-0 13. 0-0 Rdg8 14. Bh5 Qb4 15. Qb3 Bf6 16. Bxf7 Rg4 17. Qxb4 cxb4 18. Ne2 Bxb2 19. Rab1 Bc3 20. Nf4 a5 21. Bh5 Rgg8 22. Ne2 Bf6 23. Nd4 b6 24. a3 f4 25. axb4 a4 26. Ra1 Rg5 27. Bf3 Bxd4 28. exd4 b5 29. c5 Bh3 30. Kh1 Bf5 31. Be2 Rhg8 32. Rg1 R8g6 33. Bxb5 Rh5 34. Be8 Rxh2+ 35. Kxh2 Rh6+ 0-1

[Event "Las Palmas op 34th"]
[Site "Las Palmas"]
[Date "2013.12.06"]
[Round "6"]
[White "Saad Addin Quintana, Samir N"]
[Black "Diaz Perez, Jose Juan"]
[Result "1-0"]
[WhiteElo "1853"]
[BlackElo "1758"]
[PlyCount "147"]
[EventDate "2013.12.02"]
[EventType "swiss"]
[EventRounds "9"]
[EventCountry "ESP"]
[SourceTitle "CBM 157 Extra"]
[Source "ChessBase"]
[SourceDate "2013.12.19"]
[SourceVersion "1"]
[SourceVersionDate "2013.12.19"]
[SourceQuality "1"]

1. e4 c5 2. Nf3 Nc6 3. d4 cxd4 4. Nxd4 d6 5. Nc3 g6 6. Be3 Bg7 7. Qd2 Nf6 8. f3 Bd7 9. Bc4 a6 10. Bb3 Na5 11. 0-0-0 Nxb3+ 12. Nxb3 b5 13. Kb1 0-0 14. h4 a5 15. g4 h5 16. gxh5 Nxh5 17. Bd4 f6 18. Be3 Kh7 19. Nd5 a4 20. Nc1 Rb8 21. a3 Be6 22. Nb4 Qd7 23. Ncd3 Bf7 24. Rdg1 Rbc8 25. Nf4 Rg8 26. Rg2 Bf8 27. Rhg1 e5 28. Nxh5 gxh5 29. Nd5 Qe6 30. Rxg8 Bxg8 31. Qg2 Bf7 32. Qd2 Bg7 33. Qa5 Qe8 34. Qa7 Rd8 35. Qb7 Qd7 36. Qxd7 Rxd7 37. Nc3 Bc4 38. Rd1 Kg6 39. Rd2 f5 40. Nd5 fxe4 41. fxe4 Bf6 42. Nb6 Rd8 43. Rg2+ Kh7 44. Nxc4 bxc4 45. Bf2 Rg8 46. Rxg8 Kxg8 47. Kc1 Kf7 48. Kd2 Ke6 49. Kc3 d5 50. Kb4 dxe4 51. Kxc4 e3 52. Be1 e4 53. b3 Kf5 54. bxa4 Kg4 55. a5 Be5 56. Kd5 Kf4 57. a6 Bb8 58. Kc6 Ba7 59. Kb7 Bc5 60. a7 Bxa7 61. Kxa7 Kf3 62. c4 Ke2 63. Bb4 Kf1 64. c5 e2 65. c6 e1Q 66. Bxe1 Kxe1 67. c7 e3 68. c8Q e2 69. Kb6 Kf1 70. Qf5+ Kg1 71. Qe4 Kf1 72. Qf3+ Ke1 73. a4 Kd2 74. Qxh5 1-0

[Event "Las Palmas op 34th"]
[Site "Las Palmas"]
[Date "2013.12.05"]
[Round "4"]
[White "Saad Addin Quintana, Samir N"]
[Black "Vega Gutierrez, Belinda Vidina"]
[Result "0-1"]
[WhiteElo "1853"]
[BlackElo "2180"]
[PlyCount "112"]
[EventDate "2013.12.02"]
[EventType "swiss"]
[EventRounds "9"]
[EventCountry "ESP"]
[SourceTitle "CBM 157 Extra"]
[Source "ChessBase"]
[SourceDate "2013.12.19"]
[SourceVersion "1"]
[SourceVersionDate "2013.12.19"]
[SourceQuality "1"]

1. e4 e5 2. Nf3 Nc6 3. Bc4 Nf6 4. d3 Be7 5. 0-0 0-0 6. Bb3 d6 7. c3 Na5 8. Bc2 c5 9. Nbd2 Re8 10. Re1 Bf8 11. Nf1 h6 12. Ng3 Rb8 13. d4 cxd4 14. cxd4 Qc7 15. d5 Bg4 16. Bd3 b5 17. h3 Bd7 18. b3 b4 19. Be3 Bb5 20. Rc1 Qd7 21. Bxb5 Rxb5 22. Qd3 Reb8 23. Nd2 Qb7 24. Nf5 Kh7 25. f4 Nd7 26. Qe2 g6 27. Ng3 exf4 28. Bxf4 Rc5 29. Be3 Rxc1 30. Rxc1 Bg7 31. Nf3 Re8 32. Bd4 Ne5 33. Nxe5 Bxe5 34. Bxe5 Rxe5 35. Qf3 Qe7 36. Rc8 Nb7 37. Rb8 a5 38. Ra8 Nc5 39. Rxa5 Nxe4 40. Ra4 Nxg3 41. Qxg3 Re3 42. Qf4 Re4 43. Qg3 h5 44. Ra6 Re5 45. Kh2 Rxd5 46. Rb6 h4 47. Qf4 g5 48. Qf3 Qe5+ 49. Kh1 Kg7 50. Rb7 Qe6 51. Re7 Qxe7 52. Qxd5 Qe1+ 53. Kh2 Qe5+ 54. Qxe5+ dxe5 55. Kg1 Kf6 56. Kf2 e4 0-1

[Event "Las Palmas op 34th"]
[Site "Las Palmas"]
[Date "2013.12.04"]
[Round "3"]
[White "Ramirez Maillo, Cristian"]
[Black "Saad Addin Quintana, Samir N"]
[Result "0-1"]
[WhiteElo "1599"]
[BlackElo "1853"]
[PlyCount "70"]
[EventDate "2013.12.02"]
[EventType "swiss"]
[EventRounds "9"]
[EventCountry "ESP"]
[SourceTitle "CBM 157 Extra"]
[Source "ChessBase"]
[SourceDate "2013.12.19"]
[SourceVersion "1"]
[SourceVersionDate "2013.12.19"]
[SourceQuality "1"]

1. e4 c5 2. c3 Nf6 3. e5 Nd5 4. d4 e6 5. Nf3 cxd4 6. cxd4 d6 7. exd6 Bxd6 8. Nc3 0-0 9. Bd3 Nf6 10. 0-0 Nc6 11. a3 a6 12. Bc2 b5 13. Ne4 Be7 14. Qd3 g6 15. h4 Bb7 16. Nc5 Bxc5 17. dxc5 Qxd3 18. Bxd3 Na5 19. Be2 Nb3 20. Rb1 Be4 21. Be3 Bxb1 22. Rxb1 Nd5 23. Bd4 Rac8 24. Bd3 Nxd4 25. Nxd4 Rxc5 26. Nb3 Rc7 27. Kf1 Rfc8 28. g3 Kf8 29. Ke2 Ke7 30. Kf3 f5 31. Re1 Kf6 32. g4 e5 33. g5+ Ke6 34. Kg3 Kd6 35. h5 e4 0-1

[Event "Las Palmas Montalvo Memorial 6th"]
[Site "Las Palmas"]
[Date "2013.03.31"]
[Round "9"]
[White "Saad Addin Quintana, Samir N"]
[Black "Baez Ruiz, Victor"]
[Result "1/2-1/2"]
[WhiteElo "1858"]
[BlackElo "1552"]
[PlyCount "58"]
[EventDate "2013.03.25"]
[EventType "swiss"]
[EventRounds "9"]
[EventCountry "ESP"]
[SourceTitle "EXT 2014"]
[Source "ChessBase"]
[SourceDate "2013.11.20"]
[SourceVersion "1"]
[SourceVersionDate "2013.11.20"]
[SourceQuality "1"]

1. e4 c5 2. Nf3 Nc6 3. d4 cxd4 4. Nxd4 g6 5. Be3 Bg7 6. Be2 Nf6 7. Nc3 d5 8. exd5 Nxd5 9. Nxd5 Qxd5 10. Bf3 Qa5+ 11. c3 Nxd4 12. Bxd4 0-0 13. Bxg7 Kxg7 14. 0-0 Qb6 15. Qe2 Be6 16. Rfe1 Rad8 17. h4 h5 18. Qe5+ Kh7 19. Bxh5 Rd5 20. Bxg6+ Kxg6 21. Qe4+ Kg7 22. Re3 Rh8 23. Rae1 Kf8 24. Qf4 Ke8 25. Qb8+ Qd8 26. Qxb7 Rxh4 27. Qxa7 Rdh5 28. f3 Rh1+ 29. Kf2 Rxe1 1/2-1/2

[Event "Las Palmas Montalvo Memorial 6th"]
[Site "Las Palmas"]
[Date "2013.03.30"]
[Round "8"]
[White "Lopez Colon, Francisco"]
[Black "Saad Addin Quintana, Samir N"]
[Result "1-0"]
[WhiteElo "2045"]
[BlackElo "1858"]
[PlyCount "63"]
[EventDate "2013.03.25"]
[EventType "swiss"]
[EventRounds "9"]
[EventCountry "ESP"]
[SourceTitle "EXT 2014"]
[Source "ChessBase"]
[SourceDate "2013.11.20"]
[SourceVersion "1"]
[SourceVersionDate "2013.11.20"]
[SourceQuality "1"]

1. d4 Nf6 2. c4 c5 3. d5 e6 4. Nc3 exd5 5. cxd5 d6 6. e4 g6 7. f4 Bg7 8. Bb5+ Nfd7 9. a4 0-0 10. Nf3 a6 11. Bd3 Nf6 12. h3 Re8 13. 0-0 Nbd7 14. Re1 Qc7 15. Bc4 Rb8 16. Qd3 Nb6 17. Ba2 Bd7 18. Qc2 h5 19. Bd2 Nc8 20. e5 Bf5 21. Qd1 Nd7 22. e6 Nf8 23. Ng5 fxe6 24. dxe6 c4 25. Nd5 Qc6 26. Bc3 Qc5+ 27. Kh2 Bxe6 28. Nxe6 Rxe6 29. Qf3 b5 30. Rxe6 Nxe6 31. Re1 Ne7 32. Nxe7+ 1-0

[Event "Las Palmas Montalvo Memorial 6th"]
[Site "Las Palmas"]
[Date "2013.03.26"]
[Round "2"]
[White "Alvarado Diaz, Alejandro"]
[Black "Saad Addin Quintana, Samir N"]
[Result "1-0"]
[WhiteElo "2251"]
[BlackElo "1858"]
[PlyCount "95"]
[EventDate "2013.03.25"]
[EventType "swiss"]
[EventRounds "9"]
[EventCountry "ESP"]
[SourceTitle "CBM 153 Extra"]
[Source "ChessBase"]
[SourceDate "2013.04.22"]
[SourceVersion "1"]
[SourceVersionDate "2013.04.22"]
[SourceQuality "1"]

1. g3 Nf6 2. Bg2 e6 3. Nf3 c5 4. 0-0 Nc6 5. d3 d5 6. Nbd2 Be7 7. e4 0-0 8. Re1 d4 9. a4 e5 10. Nc4 Nd7 11. h3 f6 12. Nh2 Nb6 13. Nd2 Be6 14. b3 Qd7 15. h4 Nc8 16. Ba3 a6 17. f4 b5 18. axb5 axb5 19. Qe2 Nb6 20. f5 Bf7 21. g4 Ra5 22. Bb2 Rfa8 23. Rab1 Nb4 24. Rec1 Na2 25. Rf1 Nc3 26. Bxc3 dxc3 27. Ndf3 Ra2 28. g5 Rb2 29. Rxb2 cxb2 30. c4 Ra2 31. Rb1 bxc4 32. dxc4 Bxc4 33. bxc4 Na4 34. Qc2 Ra1 35. Nf1 Qb7 36. N3d2 fxg5 37. h5 Qb4 38. Bf3 g4 39. Bxg4 Bg5 40. Kg2 Qa3 41. f6 gxf6 42. Bd7 Bxd2 43. Nxd2 Rxb1 44. Nxb1 Qe3 45. Bxa4 Qg5+ 46. Kh1 Qh4+ 47. Qh2 Qe1+ 48. Qg1+ 1-0

[Event "Arucas op 8th"]
[Site "Arucas"]
[Date "2012.06.22"]
[Round "5"]
[White "Saad Addin Quintana, Samir N"]
[Black "Sanchez Ramirez, Gustavo"]
[Result "1-0"]
[WhiteElo "1858"]
[BlackElo "1609"]
[PlyCount "121"]
[EventDate "2012.06.18"]
[EventType "swiss"]
[EventRounds "6"]
[EventCountry "ESP"]
[SourceTitle "CBM 149 Extra"]
[Source "ChessBase"]
[SourceDate "2012.08.24"]
[SourceVersion "1"]
[SourceVersionDate "2012.08.24"]
[SourceQuality "1"]

1. e4 c5 2. Nf3 Nc6 3. d4 cxd4 4. Nxd4 e5 5. Nb5 a6 6. Nd6+ Bxd6 7. Qxd6 Qe7 8. Qxe7+ Ngxe7 9. c4 d6 10. Be3 Be6 11. Be2 Rc8 12. 0-0 0-0 13. Rd1 Nb4 14. Na3 Rc6 15. b3 f5 16. f3 fxe4 17. fxe4 Bf7 18. Bd2 a5 19. Nb5 Bg6 20. Bxb4 axb4 21. Nxd6 Rd8 22. Nxb7 Rxd1+ 23. Rxd1 h6 24. Rd8+ Kh7 25. Rd7 Ng8 26. Nd8 Ra6 27. Bf3 Nf6 28. Rb7 Nxe4 29. Rxb4 Rxa2 30. h3 Ra1+ 31. Kh2 Nc5 32. Rb5 Nd3 33. Ne6 e4 34. Nf8+ Kg8 35. Nxg6 exf3 36. gxf3 Kf7 37. Ne5+ Nxe5 38. Rxe5 Rb1 39. Re3 Rc1 40. f4 Kf6 41. Kg3 Rg1+ 42. Kf2 Rc1 43. Kf3 Kf5 44. Re5+ Kf6 45. Rb5 Rc3+ 46. Kg4 g6 47. Rb6+ Kf7 48. f5 gxf5+ 49. Kxf5 Rxh3 50. Rb7+ Ke8 51. b4 Kd8 52. c5 Kc8 53. c6 Rh1 54. b5 Rc1 55. Kg6 Rh1 56. b6 h5 57. Ra7 Kd8 58. Ra8+ Ke7 59. b7 Rg1+ 60. Kh6 Kf7 61. b8Q 1-0

[Event "Arucas op 8th"]
[Site "Arucas"]
[Date "2012.06.21"]
[Round "4"]
[White "Gutierrez Olivares, Daniel"]
[Black "Saad Addin Quintana, Samir N"]
[Result "1-0"]
[WhiteElo "2357"]
[BlackElo "1858"]
[PlyCount "55"]
[EventDate "2012.06.18"]
[EventType "swiss"]
[EventRounds "6"]
[EventCountry "ESP"]
[SourceTitle "CBM 149 Extra"]
[Source "ChessBase"]
[SourceDate "2012.08.24"]
[SourceVersion "1"]
[SourceVersionDate "2012.08.24"]
[SourceQuality "1"]

1. e4 c5 2. Nf3 d6 3. d4 cxd4 4. Nxd4 Nf6 5. Nc3 a6 6. Bc4 e6 7. Bb3 b5 8. 0-0 b4 9. Na4 Nxe4 10. Re1 d5 11. f3 Nf6 12. Nf5 Nc6 13. Bg5 Ne7 14. Nd4 h6 15. Bd2 Qd6 16. a3 bxa3 17. bxa3 Nc6 18. Nf5 Qd8 19. Be3 Be7 20. Bb6 Qd7 21. Nc5 Bxc5+ 22. Bxc5 g6 23. Nd6+ Kd8 24. Ba4 Rh7 25. Rb1 Ra7 26. Nxc8 Qxc8 27. Bxc6 Rc7 28. Bb6 1-0

[Event "Las Palmas Insular-chT Primera-B"]
[Site "Las Palmas"]
[Date "2012.03.17"]
[Round "13.3"]
[White "Saad Addin Quintana, Samir N"]
[Black "Ruiz Delgado, Basilio"]
[Result "1-0"]
[WhiteElo "1879"]
[BlackElo "1727"]
[PlyCount "57"]
[EventDate "2011.11.12"]
[EventType "team-tourn"]
[EventRounds "14"]
[EventCountry "ESP"]
[SourceTitle "EXT 2013"]
[Source "ChessBase"]
[SourceDate "2012.11.22"]
[SourceVersion "1"]
[SourceVersionDate "2012.11.22"]
[SourceQuality "1"]
[WhiteTeam "Anand Iberia II"]
[BlackTeam "Canarias de Las Palmas"]
[WhiteTeamCountry "ESP"]
[BlackTeamCountry "ESP"]

1. e4 c5 2. Nf3 Nc6 3. d4 cxd4 4. Nxd4 e5 5. Nb5 a6 6. Nd6+ Bxd6 7. Qxd6 Qf6 8. Qa3 Qg6 9. Nc3 Nge7 10. Be3 0-0 11. 0-0-0 d6 12. Rxd6 Be6 13. g3 b5 14. Bc5 a5 15. Bxb5 Nb4 16. Rhd1 Rac8 17. Bxb4 axb4 18. Qxb4 Qh6+ 19. Kb1 Qxh2 20. R6d2 Nc6 21. Bxc6 Rxc6 22. Nd5 Bxd5 23. exd5 Rcc8 24. d6 Rb8 25. Qe4 Qh5 26. d7 Qg5 27. Rd5 f6 28. d8Q Qh5 29. Qe7 1-0

[Event "Las Palmas Insular-chT Primera-A"]
[Site "Las Palmas"]
[Date "2012.03.10"]
[Round "12.2"]
[White "Ortiz Perez, Hector"]
[Black "Saad Addin Quintana, Samir N"]
[Result "1-0"]
[WhiteElo "1958"]
[BlackElo "1879"]
[PlyCount "73"]
[EventDate "2011.11.12"]
[EventType "team-tourn"]
[EventRounds "14"]
[EventCountry "ESP"]
[SourceTitle "EXT 2013"]
[Source "ChessBase"]
[SourceDate "2012.11.22"]
[SourceVersion "1"]
[SourceVersionDate "2012.11.22"]
[SourceQuality "1"]
[WhiteTeam "Panaderia Pulido San Mateo"]
[BlackTeam "Anand Iberia"]
[WhiteTeamCountry "ESP"]
[BlackTeamCountry "ESP"]

1. e4 c5 2. Nf3 e6 3. d4 cxd4 4. Nxd4 Nf6 5. Nc3 Nc6 6. Ndb5 d6 7. Bf4 e5 8. Bg5 a6 9. Na3 Be7 10. Bxf6 Bxf6 11. Nc4 Be7 12. Nd5 Be6 13. Nxe7 Kxe7 14. Qd2 b5 15. Ne3 Qa5 16. c3 Rhd8 17. Nd5+ Bxd5 18. exd5 Nb8 19. Bd3 h6 20. 0-0 Nd7 21. b4 Qb6 22. a4 Nf6 23. Be2 Rac8 24. Qd3 Rc4 25. axb5 axb5 26. Qc2 Rf4 27. g3 Re4 28. Ra5 Rc8 29. Rxb5 Qa7 30. Bd3 Rg4 31. Bf5 Rcc4 32. Bxg4 Nxg4 33. Ra5 Qd7 34. Qa2 Rxc3 35. Ra7 Rc7 36. Ra8 Kf6 37. h3 1-0

[Event "Las Palmas op 32nd"]
[Site "Las Palmas"]
[Date "2011.12.04"]
[Round "4"]
[White "Angel Acosta, Juan Carlos"]
[Black "Saad Addin Quintana, Samir N"]
[Result "1/2-1/2"]
[WhiteElo "2208"]
[BlackElo "1884"]
[PlyCount "90"]
[EventDate "2011.12.02"]
[EventType "swiss"]
[EventRounds "9"]
[EventCountry "ESP"]
[SourceTitle "CBM 145 Extra"]
[Source "ChessBase"]
[SourceDate "2012.01.03"]
[SourceVersion "1"]
[SourceVersionDate "2012.01.03"]
[SourceQuality "1"]

1. d4 Nf6 2. Nf3 e6 3. c4 c5 4. g3 cxd4 5. Nxd4 Nc6 6. Bg2 a6 7. 0-0 Qc7 8. Nc3 Be7 9. e4 d6 10. Be3 Ne5 11. b3 Rb8 12. Rc1 b6 13. h3 Bb7 14. Qe2 0-0 15. f4 Ned7 16. f5 Nc5 17. Bf2 exf5 18. Nxf5 Rfe8 19. b4 Ncxe4 20. Nd5 Bxd5 21. cxd5 Qd7 22. Bd4 Bf8 23. Qb2 Nh5 24. g4 Nhg3 25. Nxg3 Nxg3 26. Rfe1 Qb5 27. Kh2 Ne2 28. Bf1 Nxc1 29. Bxb5 Rxe1 30. Bf2 Re7 31. Bxa6 Rc7 32. Be3 Ra7 33. b5 Nd3 34. Qe2 Nc5 35. Bd2 Nxa6 36. bxa6 Rba8 37. a3 Rxa6 38. Bb4 R6a7 39. Qb5 Rb8 40. Kg2 g6 41. Kf3 Bg7 42. Bxd6 Rd8 43. Qc6 Bf8 44. Bxf8 Rxf8 45. a4 Rfa8 1/2-1/2